00666nam a2200169 i 4500001000700000003000900007007000300016008004100019100002700060245013800087260008600225300002100311700002900332700002700361710007600388852003200464102337ES-MaACLt|051108s1984 sp ||||1| spa d1 aMeneses Chaus, Juan M.10aPrograma de simulación para circuitos LSI b: SPLICE : manual de usuario / cJuan M. Meneses, C. López Barrio, E. Muñoz Merino. aMadrid : bEscuela Técnica Superior de Ingenieros de Telecomunicación,c1984. a63 p. ; c29 cm.1 aLópez Barrios, Carlos.1 aMuñoz Merino, Elias.2 aEscuela Técnica Superior de Ingenieros de Telecomunicación (Madrid) aES-MaACLjL-7239 bR.107849